| 000 | 00638nam a22001937a 4500 | ||
|---|---|---|---|
| 005 | 20171111160935.0 | ||
| 010 | _aENG-121360 | ||
| 020 |
_a9788172131654 _c500.00 |
||
| 035 | _aEN-104892 | ||
| 037 | _bDBAD/PUB | ||
| 082 | _a634.95609541 | ||
| 245 |
_aNorth East India deforestation and its IMPACT/ _cedited by B.N. Goswami |
||
| 260 |
_aGowahati _bPubanchal Prakash _c2012 |
||
| 270 |
_aH.N0-2,Seuji Path dr B. N. Saikkia Road Wireless _bGowahati _e781006 |
||
| 300 |
_a199p. : _c22cm(Hb) _bill. |
||
| 500 | _aIncludes bibliographical references | ||
| 700 | _aGoswami,B.N. | ||
| 942 |
_2ddc _cEN _mNOR _h634.95609541 |
||
| 999 |
_c147325 _d147325 |
||